| 000 | 00639nam a2200217 u 4500 | ||
|---|---|---|---|
| 005 | 20241024063725.0 | ||
| 008 | 100706s2007 r 000 0 eng d | ||
| 020 | _a9789500307321 | ||
| 035 | _aUPN01000177175 | ||
| 049 | _aCG | ||
| 050 | 4 |
_aPT8864 _bI2.3 |
|
| 100 | 1 |
_aIbsen, Henrik, _d1828-1906 |
|
| 245 | 1 | 3 |
_aLa dama del mar / _cHenrik Ibsen ; tr. de José Pérez Bances. |
| 260 |
_aBuenos Aires : _bLosada, _cc2007. |
||
| 300 | _a170 p. | ||
| 440 | 0 |
_aClasicos losada ; _v725. _pTeatro |
|
| 534 |
_pTítulo original: _tFruen fra havet |
||
| 650 | 4 |
_aDRAMA NORUEGO _916520 |
|
| 650 | 4 |
_aLiteratura noruega _914381 |
|
| 905 | _aLibro | ||
| 999 |
_c149278 _d149278 |
||